De nuestro paso por Córdoba (aspectos de una labor cultural y edilicia)

Disimpan dalam:
Butiran Bibliografi
Pengarang Utama: Bernard, Tomás Diego, 1919-
Format: Buku
Bahasa:Spanish
Diterbitkan: La Plata ["El sol"] 1945.
Subjek-subjek:
Penanda-penanda: Tambah Penanda
Tiada Penanda, Jadilah orang pertama menanda rekod ini!
LEADER 00711nam a2200193K 4500
001 005126357-2
005 20020606095253.2
008 950103s1945 ag 000 0 spa d
035 0 |a ocm78395063 
040 |a HVL  |c HVL 
100 1 |a Bernard, Tomás Diego,  |d 1919- 
245 1 0 |a De nuestro paso por Córdoba (aspectos de una labor cultural y edilicia)  |c Carta-prólogo del doctor A. Walter Villegas ... 
260 |a La Plata  |b ["El sol"]  |c 1945. 
300 |a 121 p., 1 l.  |c 23 cm. 
610 0 0 |a Córdoba (Argentina : Province) 
690 9 |a Social conditions  |z Córdoba, Argentine republic (Province)  |5 law 
690 9 |a Speeches, addresses, etc.  |z Córdoba, Argentine republic (Province)  |5 law 
988 |a 20020608 
906 |0 MH